Normal view
MARC view
Entry Personal Name
001 - CONTROL NUMBER
- control field: 15510
003 - CONTROL NUMBER IDENTIFIER
- control field: OSt
005 - DATE AND TIME OF LATEST TRANSACTION
- control field: 20260416104908.0
008 - FIXED-LENGTH DATA ELEMENTS
- fixed length control field: 260416|| aca||aabn | a|a d
040 ## - CATALOGING SOURCE
- Original cataloging agency: OSt
- Transcribing agency: OSt
100 ## - HEADING--PERSONAL NAME
- Personal name: Egera, Catherine T
670 ## - SOURCE DATA FOUND
- Source citation: Work cat.: (OSt)5743: Egera, Catherine T. 1517 author., A feasibility study on the establishment of Skin doctor of City Mall, along North National Highway, Dumaguete City /
